|
|
|
|
| LEADER |
00000nam a22000007a 4500 |
| 005 |
20150515002922.0 |
| 007 |
cr|||| |||| |
| 008 |
150514s2015 mx |||||s|||| 00||0 spa d |
| 020 |
|
|
|a 978-607-440-770-9
|
| 035 |
|
|
|a 12687
|
| 040 |
|
|
|a vLex
|
| 090 |
|
|
|c 5420
|d 5420
|
| 100 |
1 |
|
|a Přez Chavez, Još
|
| 245 |
1 |
0 |
|a Constructoras Rǧimen contable, fiscal y de seguridad social 2015
|h [Recurso electrn̤ico] /
|c Jos ̌Přez Chavez, Raymundo Fol Olgun̕
|
| 256 |
|
|
|a Servicio en ln̕ea
|
| 260 |
|
|
|a Mx̌ico DF:
|b Tax Editores,
|c 2015
|
| 300 |
|
|
|a 1 recurso electrn̤ico
|
| 500 |
|
|
|a La escasa bibliografa̕ referente a las empresas constructoras es el motivo de esta publicacin̤, misma que analiza dicha actividad, considerando los aspectos siguientes: a) Registros contables de los contratos de construccin̤. b) Obligaciones fiscales que previene la LISR y la LIVA. c) Obligaciones relativas a la seguridad social (IMSS, SAR, Infonavit). El lenguaje claro y sencillo de este libro permite que los estudiantes, contribuyentes y ejecutivos de las empresas constructoras: a) Comprendan de una manera rp̀ida e integral el manejo contable de las empresas constructoras que celebran contratos de construccin̤. b) Entiendan el manejo contable de los desabolladores inmobiliarios que no celebran contratos de construccin̤. c) Efecte︢n el cumplimiento expedito de las obligaciones fiscales y de seguridad social. En lo posible, se ejemplifican con casos prc̀ticos los fundamentos legales (LISR, LIVA, Ley del IMSS, etc.) y contables (NIF), aplicables a esta industria. En el Diario Oficial de la Federacin̤ del 22 de enero de 2015 se public ̤el Decreto por el que se otorgan beneficios fiscales en materia de vivienda; los beneficios fiscales de ese Decreto se comentan en esta obra. La obra se encuentra actualizada con las Normas de Informacin̤ Financiera (NIF) 2015 y las reglas de la Resolucin̤ Miscelǹea Fiscal para 2015, publicada en el Diario Oficial de la Federacin̤ el 30 de diciembre de 2014.
|
| 506 |
1 |
|
|a Disponible solo en los productos indicados
|d vLex Global
|d vLex Global (Academic Edition, excluding Law Schools)
|d vLex Global (U.S. Academic Edition, Law Schools)
|d vLex Global (U.S. Academic Edition, excluding Law Schools)
|d vLex Global (Academic Edition, Law Schools)
|
| 650 |
0 |
4 |
|a Derecho Fiscal
|z Mx̌ico
|
| 700 |
1 |
|
|a Fol Olgun̕, Raymundo
|
| 740 |
0 |
|
|a vLex Libros (Servicio en ln̕ea)
|
| 856 |
4 |
0 |
|u http://vlex.com/source/constructoras-regimen-contable-fiscal-y-de-seguridad-social-12687
|z Acceso restringido
|
| 942 |
|
|
|c BOOK
|
| 999 |
0 |
|
|a Tax Law
|